000 00763nam a22002057a 4500
999 _c4649
_d4649
003 AR-CdUCM
008 190311b ||||| |||| 00| 0 spa d
040 _aMUNICIPALIDAD PROVINCIAL DEL CUSCO
_cBIBLIOTECA MUNICIPAL DEL CUSCO
082 _a868.1 /
_bJ81
100 _aJuan Manuel,Infante de Castilla
_914479
245 _aEl conde Lucanor /
260 _aMéxico :
_bS.A. DR. Erazo,
_c1973.
300 _a161 páginas;
_c17 cm.
505 _aDe lo que conteció a un moro, rey de Córdoba -- De don Lorenzo Suaréz Gallinato -- De lo que conteció a Rodrgo el Franco -- Del consejo que dio Patronio al conde...
650 _aCuentos infantiles
_914480
650 _aespañoles
_914481
650 _aLiteratura
_9416
942 _2ddc
_cLIBROS
945 _admma